|
|
|
|
| LEADER |
00883nam a22001817a 4500 |
| 999 |
|
|
|c 156073
|d 156069
|
| 082 |
|
|
|a RT 371.914 45
|b Q6
|
| 100 |
|
|
|a Ronu Thomas, Researcher
|9 70253
|
| 100 |
|
|
|a Ronu Thomas, Guide
|9 70254
|
| 245 |
|
|
|a Effectiveness of developed multisensory strategy on academic achievement of children with learning disability at primary level
|
| 260 |
|
|
|a Kottayam:
|b Mahatma Gandhi University,
|c 2016.
|
| 300 |
|
|
|a 432p
|
| 650 |
|
|
|a Thesis (Ph.D)-Education
|9 1875
|
| 650 |
|
|
|a Dissertation, Academic (Ph.D)
|9 70589
|
| 710 |
|
|
|a Mahatma Gandhi University, Kottayam.
|b School of Pedagogical Sciences,
|f 2016
|k Thesis
|9 70516
|
| 856 |
|
|
|u http://www.mgutheses.in/page/about_book.php?q=T%203019&search=&page=1&rad=acc
|
| 942 |
|
|
|c THES
|
| 952 |
|
|
|0 0
|1 0
|4 0
|5 1
|6 RT_371_914000000000000_45_Q6
|7 1
|8 THES
|9 154497
|a MGUL
|b MGUL
|c PROC
|d 2018-01-15
|l 0
|o RT 371.914 45 Q6
|p T03019
|r 2018-01-15
|y THES
|